00438nam a2200157Ia 4500008004100000020001800041041001200059082002000071100003100091245003600122250001200158260004000170300001500210440003800225650001700263231221s9999 xx 000 0 und d a9780000000000 aEnglish a394.2 SIL;1 R aSilvers, Julia Rutherford. 0aProfessional event coordination a2nd ed. c2012bJohn Wiley & SonsaNew Jersey axx, 492 p. aThe Wiley event management series acoordination